000 00750nam a2200265Ia 4500
003 OSt
005 20221006153740.0
006 a|||||r|||| 00| 0
007 ta
008 221006b |||||||| |||| 00| 0 chi d
020 _a9789576784460
_c500yuan
024 _a33,225
037 _bGift, PRC
_cAnnuals, Advances
040 _aEASL
_cEASL
_bchi
041 _2chi
_achi
082 _a2n4295,P6, 41P6
100 _atu shu guan nian jian
_9665250
245 0 _aTu Shu Guan Nian Jian
260 _aTaipei
_bGuo jia tu shu guan Taiwan
_c2006
300 _a320p.
_ccm.
490 _v CL
650 _aCL
_9642733
942 _h2n4295,P6, 41P6
_cREF
_2CC
999 _c1101311
_d1101311